| 000 | 00573cam a2200145 4500500 | ||
|---|---|---|---|
| 005 | 20251012021646.0 | ||
| 041 | _afre | ||
| 042 | _adc | ||
| 100 | 1 | 0 |
_aChukurian, Aurélien _eauthor |
| 245 | 0 | 0 | _aSarah Scholl et Daniela Solfaroli Camillocci (dir.) Réformatrices Douze voix de femmes protestantes, XVIe -XXIe siècles. Labor et Fides, 2024, 120 pages, 19 €. |
| 260 | _c2025. | ||
| 500 | _a64 | ||
| 786 | 0 | _nÉtudes | Jui | 6 | 2025-05-21 | p. 127-128 | 0014-1941 | |
| 856 | 4 | 1 | _uhttps://shs.cairn.info/revue-etudes-2025-6-page-127?lang=fr&redirect-ssocas=7080 |
| 999 |
_c1539050 _d1539050 |
||